000 00324nam a22001457a 4500
008 230616b ||||| |||| 00| 0 eng d
020 _a9780321785374
041 _aeng
080 _a62
082 _a62BRI
100 _a20
101 _aMEK
245 _aCALCULUS FOR SCIENTISTS AND ENGINEERS
_cBRIGGS
942 _2udc
_cBK
999 _c60004
_d60004